|
|
|
|
| LEADER |
02920nam a2200385 a 4500 |
| 001 |
25672 |
| 003 |
BD-DhAAL |
| 008 |
120724s2008 nyua b 001 0 eng |
| 010 |
|
|
|a 2007025880
|
| 020 |
|
|
|a 9780415963497 (hardback : alk. paper)
|
| 020 |
|
|
|a 0415963494 (hardback : alk. paper)
|
| 040 |
|
|
|a DLC
|c DLC
|d BAKER
|d BTCTA
|d YDXCP
|d C#P
|d CS1
|d DLC
|d BD-DhAAL
|
| 043 |
|
|
|a e-sw---
|a e-no---
|
| 050 |
0 |
0 |
|a HQ1237.5.S86
|b G56 2008
|
| 082 |
0 |
0 |
|a 305.4209485
|2 22
|
| 245 |
0 |
0 |
|a Global perspectives on gender equality :
|b reversing the gaze /
|c edited by Naila Kabeer and Agneta Stark with Edda Magnus.
|
| 260 |
|
|
|a New York :
|b Routledge,
|c 2008.
|
| 300 |
|
|
|a xvii, 293 pages :
|b illustrations ;
|c 24 cm.
|
| 490 |
0 |
|
|a Routledge/UNRISD research in gender and development ;
|v 3
|
| 500 |
|
|
|a "The Expert Group in Development Issues (EGDI)--P. [v]."
|
| 504 |
|
|
|a Includes bibliographical references and index.
|
| 505 |
0 |
0 |
|t Reversing the gaze /
|r Naila Kabeer, Edda Magnus, and Agneta Stark --
|t The transition to mass literacy : comparative insights from Sweden and Pakistan /
|r Haris Gazdar --
|t Gender and the family in public policy : a comparative view of Argentina and Sweden /
|r Elizabeth Jelin --
|t Maternalist politics in Norway and the Islamic Republic of Iran /
|r Shahra Razavi --
|t Challenging the male norm of employment : evidence from Sweden, Norway, and Hungary /
|r Beata Nagy --
|t Sexual politics and social policy : Swedish policy reviewed /
|r Ramya Subrahmanian --
|t "Women are like boats" : discourse, policy, and collective action in Sweden and India /
|r Seema Arora-Jonsson --
|t Quotas and interest representation : South Africa and Sweden in comparative perspective /
|r Shireen Hassim --
|t What's in that little book? Gender statistics and the Nordic road map toward evidence-based policies in Africa /
|r Bola Akanji --
|t Institutionalising equality : putting gender issues at the centre in Mexico and Sweden /
|r Francisco Cos-Montiel --
|t Don't disturb the men : a viable gender equality strategy? /
|r Agneta Stark --
|t Passion, pragmatism, and the politics of advocacy : the Nordic experience through a "gender and development" lens /
|r Naila Kabeer.
|
| 541 |
|
|
|e 00025672
|
| 650 |
|
0 |
|a Sex discrimination against women
|z Sweden.
|9 54919
|
| 650 |
|
0 |
|a Sex discrimination against women
|z Norway.
|9 54920
|
| 650 |
|
0 |
|a Sex discrimination against women
|x Cross-cultural studies.
|9 54921
|
| 700 |
1 |
|
|a Kabeer, Naila.
|
| 700 |
1 |
|
|a Stark, Agneta,
|d 1946-
|9 54922
|
| 700 |
1 |
|
|a Magnus, Edda,
|d 1976-
|9 54923
|
| 710 |
1 |
|
|a Sweden.
|b Expert Group on Development Issues.
|9 54924
|
| 830 |
|
|
|a Routledge/UNRISD research in gender and development ;
|v 3
|9 54925
|
| 852 |
1 |
|
|a Ayesha Abed Library
|c General Stacks
|
| 942 |
|
|
|2 ddc
|c BK
|
| 999 |
|
|
|c 12622
|d 12622
|
| 952 |
|
|
|0 0
|1 0
|2 ddc
|4 0
|6 305_420948500000000_GLO
|7 0
|9 20816
|a BIGD
|b BIGD
|c GEN
|d 2012-07-24
|l 0
|o 305.4209485 GLO
|p 3050025672
|r 2012-07-24
|t 1
|w 2012-07-24
|y BK
|x Transferred from BDI to BIGD.
|